Statistics for 1970 FIFA World Cup Final Brazil - Italy

Click here to take the quiz!

General Stats

  • This quiz has been taken 138 times
  • The average score is 10 of 26

Answer Stats

Player% Correct
Pelé ¹
98%
Carlos Alberto ¹
86%
Jairzinho ¹
66%
Luigi Riva
59%
Rivellino
56%
Gérson ¹
51%
Gianni Rivera
49%
Tostão
48%
Giacinto Facchetti
45%
Sandro Mazzola
45%
Mário Zagallo
44%
Félix
39%
Clodoaldo
33%
Tarcisio Burgnich
29%
Enrico Albertosi
28%
Everaldo
28%
Roberto Boninsegna ¹
26%
Brito
25%
Piazza
24%
Angelo Domenghini
20%
Ferruccio Valcareggi
19%
Roberto Rosato
15%
Giancarlo De Sisti
14%
Pierluigi Cera
14%
Mario Bertini
11%
Antonio Juliano
10%

Score Distribution

Percentile by Number Answered

Percent of People with Each Score

Your Score History

You have not taken this quiz